Synthesis and Technique in Inorganic Chemistry: (Record no. 5314)

MARC details
000 -LEADER
fixed length control field 00598nam a22001937a 4500
003 - CONTROL NUMBER IDENTIFIER
control field OSt
005 - DATE AND TIME OF LATEST TRANSACTION
control field 20161006150114.0
008 - FIXED-LENGTH DATA ELEMENTS--GENERAL INFORMATION
fixed length control field 161006b xxu||||| |||| 00| 0 eng d
020 ## - INTERNATIONAL STANDARD BOOK NUMBER
International Standard Book Number 0935702482
040 ## - CATALOGING SOURCE
Transcribing agency DDC,
082 ## - DEWEY DECIMAL CLASSIFICATION NUMBER
Classification number 542GIR 1999.
100 ## - MAIN ENTRY--PERSONAL NAME
Personal name Girolami,S.Gregory;Rauchfuss,B.Thomas;Angelici,J.Robert;
9 (RLIN) 11152
245 ## - TITLE STATEMENT
Title Synthesis and Technique in Inorganic Chemistry:
Remainder of title A Laboratory Manual.
260 ## - PUBLICATION, DISTRIBUTION, ETC. (IMPRINT)
Place of publication, distribution, etc. Sausalito;
Name of publisher, distributor, etc. University Science Books.
Date of publication, distribution, etc. 1999.
300 ## - PHYSICAL DESCRIPTION
Extent xiii,272p;
Other physical details ill:
Dimensions 25cm.
504 ## - BIBLIOGRAPHY, ETC. NOTE
Bibliography, etc includes index.
650 ## - SUBJECT ADDED ENTRY--TOPICAL TERM
Topical term or geographic name as entry element Inorganic Chemistry.
9 (RLIN) 799
942 ## - ADDED ENTRY ELEMENTS (KOHA)
Source of classification or shelving scheme Dewey Decimal Classification
Koha item type Open Shelf
Holdings
Withdrawn status Lost status Source of classification or shelving scheme Damaged status Not for loan Home library Current library Date acquired Source of acquisition Inventory number Total Checkouts Full call number Barcode Date last seen Price effective from Koha item type Date last checked out
    Dewey Decimal Classification     MUST Main Library MUST Main Library 06/10/2016   05/23739   542GIR 1999. 2016-4643 06/10/2016 06/10/2016 Open Shelf  
    Dewey Decimal Classification     MUST Main Library MUST Main Library 07/10/2016   05/23740   542GIR 1999. 2016-4651 07/10/2016 07/10/2016 Open Shelf  
    Dewey Decimal Classification     MUST Main Library MUST Main Library 11/10/2016   04/20976   542GIR 1999. 2016-4721 11/10/2016 11/10/2016 Open Shelf  
    Dewey Decimal Classification     MUST Main Library MUST Main Library 18/10/2016   05/23742   542GIR 1999. 2016-4823 18/10/2016 18/10/2016 Open Shelf  
    Dewey Decimal Classification     MUST Main Library MUST Main Library 18/10/2016   05/23743   542GIR 1999. 2016-4825 18/10/2016 18/10/2016 Open Shelf  
    Dewey Decimal Classification     MUST Main Library MUST Main Library 06/02/2020 Purchase 2004/20974   542GIR 1999. 2020-0411 06/02/2020 06/02/2020 Open Shelf  
    Dewey Decimal Classification     MUST Main Library MUST Main Library 06/02/2020 Purchase 2005/23741 1 542GIR 1999. 2020-0413 06/03/2020 06/02/2020 Open Shelf 06/03/2020
    Dewey Decimal Classification     MUST Main Library MUST Main Library 11/02/2020 Purchase 2004/20975   542GIR 1999. 2020-0443 11/02/2020 11/02/2020 Open Shelf